C.S. Lewis's dangerous idea : (Record no. 123923)
[ view plain ]
| 000 -LEADER | |
|---|---|
| fixed length control field | 01424cam a2200301 a 4500 |
| 001 - CONTROL NUMBER | |
| control field | 13194766 |
| 003 - CONTROL NUMBER IDENTIFIER | |
| control field | ARRUPE |
| 005 - DATE AND TIME OF LATEST TRANSACTION | |
| control field | 20160111123643.0 |
| 008 - FIXED-LENGTH DATA ELEMENTS--GENERAL INFORMATION | |
| fixed length control field | 030512s2003 ilu b 001 0 eng |
| 010 ## - LIBRARY OF CONGRESS CONTROL NUMBER | |
| LC control number | 2003010874 |
| 020 ## - INTERNATIONAL STANDARD BOOK NUMBER | |
| International Standard Book Number | 0830827323 (pbk. : alk. paper) |
| 040 ## - CATALOGING SOURCE | |
| Original cataloging agency | DLC |
| Transcribing agency | DLC |
| Modifying agency | DLC |
| 042 ## - AUTHENTICATION CODE | |
| Authentication code | pcc |
| 050 00 - LIBRARY OF CONGRESS CALL NUMBER | |
| Classification number | BX5199.L53 |
| Item number | R47 2003 |
| 082 00 - DEWEY DECIMAL CLASSIFICATION NUMBER | |
| Classification number | 212/.1 |
| Edition number | 21 |
| 300 ## - PHYSICAL DESCRIPTION | |
| Dimensions | 21 cm. |
| 100 1# - MAIN ENTRY--PERSONAL NAME | |
| Personal name | Reppert, Victor, |
| Dates associated with a name | 1953- |
| 9 (RLIN) | 21447 |
| 245 10 - TITLE STATEMENT | |
| Title | C.S. Lewis's dangerous idea : |
| Remainder of title | a philosophical defense of Lewis's argument from reason / |
| Statement of responsibility, etc | Victor Reppert. |
| 260 ## - PUBLICATION, DISTRIBUTION, ETC. (IMPRINT) | |
| Place of publication, distribution, etc | Downers Grove, Ill. : |
| Name of publisher, distributor, etc | InterVarsity Press, |
| Date of publication, distribution, etc | c2003. |
| 300 ## - PHYSICAL DESCRIPTION | |
| Extent | 132 p. ; |
| 504 ## - BIBLIOGRAPHY, ETC. NOTE | |
| Bibliography, etc | Includes bibliographical references (p. [129]-130) and index. |
| 505 0# - FORMATTED CONTENTS NOTE | |
| Formatted contents note | Taking C.S. Lewis seriously: apologetics and the personal heresy -- Assessing apologetic arguments -- C.S. Lewis, Elizabeth Anscombe, and the argument from reason -- Several formulations of the argument from reason -- Explanatory dualism -- The inadequacy objection. |
| 600 10 - SUBJECT ADDED ENTRY--PERSONAL NAME | |
| Personal name | Lewis, C. S. |
| Fuller form of name | (Clive Staples), |
| Dates associated with a name | 1898-1963. |
| 9 (RLIN) | 21448 |
| 650 #0 - SUBJECT ADDED ENTRY--TOPICAL TERM | |
| Topical term or geographic name as entry element | Faith and reason. |
| 9 (RLIN) | 4721 |
| 856 41 - ELECTRONIC LOCATION AND ACCESS | |
| Materials specified | Table of contents |
| Uniform Resource Identifier | <a href="http://www.loc.gov/catdir/toc/ecip044/2003010874.html">http://www.loc.gov/catdir/toc/ecip044/2003010874.html</a> |
| 906 ## - LOCAL DATA ELEMENT F, LDF (RLIN) | |
| a | 7 |
| b | cbc |
| c | orignew |
| d | 1 |
| e | ecip |
| f | 20 |
| g | y-gencatlg |
| 942 ## - ADDED ENTRY ELEMENTS (KOHA) | |
| Source of classification or shelving scheme | Library of Congress Classification |
| Koha item type | Monograph ( Printed materials) |
| Withdrawn status | Lost status | Source of classification or shelving scheme | Damaged status | Not for loan | Collection code | Home library | Current library | Shelving location | Date acquired | Total Checkouts | Full call number | Barcode | Date last seen | Date checked out | Price effective from | Koha item type |
|---|---|---|---|---|---|---|---|---|---|---|---|---|---|---|---|---|
| Library of Congress Classification | Main Collection | ARRUPE LIBRARY | ARRUPE LIBRARY | Main Collection | 11/01/2016 | 2 | BX5199.L53 R47 2003 | 46500005840 | 22/11/2017 | 11/08/2016 | 11/01/2016 | Monograph ( Printed materials) |